000 00561nam a2200217Ia 4500
005 20250505125010.0
008 008 250505s9999 xx 000 0 eng d
037 _aTextbook
040 _aLCO
_beng
_cLCO
041 _aeng
_2eng
084 _aX8(A):Z R4
_qLCO
100 _aMamoria, C.B.
_9150671
245 0 _aDynamics of Industrial Relation
_cC.B. Mamoria
250 _a16th
260 _aMumbai, India
_bHPH
_c2024
300 _a563
365 _aINR
_b725
650 _aLaw
942 _cTB
_hX8(A):Z R4
999 _c1311017
_d1311017